El medio divino

Uloženo v:
Podrobná bibliografie
Hlavní autor: Teilhard de Chardin, Pierre
Médium: Kniha
Jazyk:Undetermined
Vydáno: Madrid, España Taurus 1959
Témata:
Tagy: Přidat tag
Žádné tagy, Buďte první, kdo vytvoří štítek k tomuto záznamu!

MARC

LEADER 00000nam a2200000Ia 4500
008 170316s9999 xx 000 0 und d
090 |a 230 T-1m 
100 |a Teilhard de Chardin, Pierre 
245 |a El medio divino 
260 |a Madrid, España 
260 |b Taurus 
260 |c 1959 
300 |a 176 páginas 
650 |a TEOLOGÍA 
999 |c 18093  |d 18093 
040 |a cru BVZT 
942 |c 15 D  |h 230 T-1m  |2 z